The Island /
Bewaard in:
| Hoofdauteur: | |
|---|---|
| Formaat: | Boek |
| Taal: | Engels |
| Gepubliceerd in: |
Londres, Inglaterra :
Headline,
copyright fecha no identificada
|
| Reeks: | (Fiction Headline)
|
| Onderwerpen: | |
| Tags: |
Geen labels, Wees de eerste die dit record labelt!
|
MARC
| LEADER | 00000nam^a2200000^a^4500 | ||
|---|---|---|---|
| 001 | 000410444 | ||
| 005 | 20250521000000.0 | ||
| 008 | 190325 | ||
| 009 | 20260310122048.021 | ||
| 020 | |a 978-0-7553-2964-9 | ||
| 037 | |a Acervo ITESO - Biblioteca | ||
| 041 | |a ING | ||
| 082 | |a 823. |b HIS | ||
| 100 | |a Hislop, Victoria |e (autor) | ||
| 245 | 1 | 4 | |a The Island / |c V. Hislop. |
| 264 | 4 | |a Londres, Inglaterra : |b Headline, |c copyright fecha no identificada | |
| 300 | |a 490 p. | ||
| 336 | |a texto |b txt |2 rdacontenido | ||
| 337 | |a sin mediación |b n |2 rdamedio | ||
| 338 | |a volumen |b nc |2 rdasoporte | ||
| 440 | 1 | |a (Fiction Headline) | |
| 649 | |a XX | ||
| 650 | |a Novela Inglesa | ||
| 650 | |a Literatura Inglesa - |y Siglo XXI | ||
| 650 | |a Literatura de Mujeres - |z Inglaterra | ||
| 650 | |a Spinalonga, Grecia en la Literatura | ||
| 650 | |a Grecia en la Literatura | ||
| 910 | |a Fondo General | ||
| 920 | |a Impresos - Libros | ||
| 930 | |a Colección General | ||
| 940 | |a Literatura | ||
| 905 | |a 101 | ||
| 901 | |a 0500319172 |b IT1 |c LIT |i D104394 |u 20250521 | ||
| 902 | |a https://opac.biblio.iteso.mx/vufind/Record/000410444 | ||